Medical language / (Record no. 575)

MARC details
000 -LEADER
fixed length control field 01190cam a2200181 a 4500
020 ## - INTERNATIONAL STANDARD BOOK NUMBER
ISBN 9780133346831
020 ## - INTERNATIONAL STANDARD BOOK NUMBER
ISBN 0133346838
050 00 - CALL NUMBER
Classification number R123
Item number .T87 TUR REF
100 1# - AUTHOR
Personal name Turley, Susan M.
245 10 - TITLE
Title Medical language /
Statement of responsibility, etc Susan M. Turley.
250 ## - EDITION
Edition statement 3rd ed.
260 ## - PUBLICATION INFORMATION
Place of publication Upper Saddle River, N.J. :
Name of publisher Pearson Education,
Year of publication c2014.
300 ## - DESCRIPTION
Number of Pages xxix, 958, A-24, AK-34, PC-3, I-28 p. :
Other physical details col. ill. ;
Dimensions 28 cm.
500 ## - NOTES
General note Includes index.
505 0# - FORMATTED CONTENTS NOTE
Table of Content The structure of medical language -- The body in health and disease -- Gastroenterology. Gastrointestinal system -- Pulmonology. Respiratory system -- Cardiology. Cardiovascular system -- Hematology and immunology. Blood and lymphatic system -- Dermatology. Integumentary system -- Orthopedics. Skeletal system -- Orthopedics. Muscular system -- Neurology. Nervous system -- Urology. Urinary system -- Male reproductive medicine. Male genitourinary system -- Gynecology and obstetrics. Female genital and reproductive system -- Endocrinology. Endocrine system -- Ophthalmology. Eye -- Otolaryngology. Ears, nose, and throat -- Psychiatry -- Oncology -- Radiology and nuclear medicine.
650 12 - SUBJECTS
Topical Term Terminology as Topic
942 ## - ADDED ENTRY ELEMENTS (KOHA)
Koha item type Books
Holdings
Withdrawn status Lost status Home library Current library Date acquired Full call number Accession Number Copy number Koha item type Shelving location
    Methodist University Library Wenchi Nursing Methodist University Library Wenchi Nursing 30/10/2017 R123 .T87 TUR REF 1428 1 Books  
    Methodist University Library Wenchi Nursing Methodist University Library Wenchi Nursing 30/10/2017 R123 .T87 TUR REF 1427 2 Books General Stacks
Copyright © 2026  MUG Library